| 000 | 00924nam0a22002413 4500 | ||
|---|---|---|---|
| 001 | RU\NLR\BIBL_A\022459533 | ||
| 005 | 20250809152543.0 | ||
| 035 | _a(NLR Aleph) 022459533 | ||
| 090 |
_a80955 _c80955 |
||
| 100 | _a20250217d1941 u y0rusy50 ca | ||
| 101 | 0 | _aarm | |
| 102 | _aAM | ||
| 105 | _aa z 000yy | ||
| 200 | 1 |
_aՕբլոմով _eռոման չորս մասից _fԻ.Ա.Գոնչարով |
|
| 210 |
_aԵրեվան _cՀայպետհրատ _d1941 |
||
| 215 |
_a649,[1] с. _d20 |
||
| 541 | 1 |
_6z01790 _aОбломов _zrus |
|
| 700 | 1 |
_aԳոնչարով _bԻ.Ա. _f1812-1891 _gԻվան Ալեքսանդրովիչ _4700 |
|
| 790 | 1 |
_6z01541 _aГончаров _bИ. А. _f1812-1891 _gИван Александрович _3RU\NLR\AUTH\77582 _4700 |
|
| 942 | _cBOOK | ||
| 945 |
_aРоссийская национальная библиотека _aНациональная библиотека Армении |
||
| 980 | _aBV | ||